|
|
|
|
| LEADER |
00000naa a2200000uu 4500 |
| 001 |
vtls010934583 |
| 003 |
SK-MaSNL |
| 005 |
20260302122749.0 |
| 008 |
210909|1999 xo |||||||||||||||||eng| |
| 015 |
|
|
|a SNBRA
|
| 035 |
|
|
|a (urnnbn)urn:nbn:sk:snk:ar-a0b6nx
|
| 035 |
|
|
|a (uuid)1781ef4a-b0f7-4a00-8a43-8a580e138c4b
|
| 035 |
|
|
|a urn:nbn:sk:snk-aatz23
|
| 040 |
|
|
|a SNKBUCL
|b slo
|c SNKBUCL
|e AACR2
|
| 041 |
0 |
|
|a eng
|
| 044 |
|
|
|a xo
|c SK
|
| 100 |
1 |
|
|a Polakovič, Milan,
|d 1960-
|4 aut
|9 215112
|
| 245 |
1 |
0 |
|a HPLC SEPARATION OF FRUCTOOLIGOSACCHARIDES
|c Milan Polakovič, Monika Antošová, Vladimír Báleš
|
| 700 |
1 |
|
|a Antošová, Monika
|4 aut
|9 349702
|
| 700 |
1 |
|
|a Báleš, Vladimír,
|d 1949-
|4 aut
|9 99052
|
| 773 |
0 |
|
|t Proceedings
|d Bratislava] : Slovak University of Technology, 1999
|g S. 122
|z 8022712167
|
| 958 |
|
|
|a OND
|
| 958 |
|
|
|a article11
|
| 958 |
|
|
|a chapter
|
| 999 |
|
|
|c 1279608
|d 1281538
|